Slovenská hudobná kultúra medzi dvoma zjazdami

Bibliographic Details
Main Author: Čárska, Etela, 1941- (Author)
Format: Article
Language:Slovak
Subjects:

MARC

LEADER 00000nab a2200000 ar4500
001 vtls009295287
003 SK-MaSNL
005 20260401043918.0
008 080519c1976 xo |r|p|||||||000 b|slo
015 |a SNBRB1976 
038 |a SNKBUCL 
040 |a SNKBUCL  |b slo  |c SNKBUCL  |e AACR2 
041 |a slo 
044 |a xo  |c SK 
080 |a 78(437.6)  |2 1997 
100 1 |a Čárska, Etela,  |d 1941-  |4 aut  |9 1635959 
245 1 0 |a Slovenská hudobná kultúra medzi dvoma zjazdami  |c Etela Čárska 
650 0 7 |a hudobná kultúra  |2 snkbucl  |9 58402 
773 0 |t Rozhlas  |g Č. 13 (1976), s. 1-2 
852 |a SNK  |b KIS3GCP 
958 |a SK 
999 |c 2575759  |d 2577689